Viaje del señor presidente de Costa Rica, don Bernardo Soto a Nicaragua : primera parte /

Gorde:
Xehetasun bibliografikoak
Egile nagusia: Pío Víquez
Formatua: Ezezaguna
Hizkuntza:Spanish
Gaiak:
Etiketak: Etiketa erantsi
Etiketarik gabe, Izan zaitez lehena erregistro honi etiketa jartzen!

MARC

LEADER 000000000a22000000004500
001 002085
041 0 |a spa 
100 1 |a Pío Víquez 
245 1 0 |a Viaje del señor presidente de Costa Rica, don Bernardo Soto a Nicaragua :   |b primera parte /   |c Pío Víquez. 
650 4 |a COSTA RICA 
650 4 |a HISTORIA 
650 4 |a RELACIONES EXTERIORES 
650 4 |a PRESIDENTES 
650 4 |a CRONICA DE UN VIAJE 
650 4 |a SOTO ALFARO, BERNARDO, PRES. Costa Rica 1854-1931 
650 4 |a NICARAGUA 
773 0 |d Nicaragua : Centro de Investigaciones y Actividades Cullturales  |t Revista del Pensamiento Centroamericano  |g volumen 30, número 146 (1975), páginas 71-166 
942 |c ARC 
999 |c 9768  |d 9768